00439nam a2200181Ia 4500008004100000020001800041050001400059100002200073245003800095245002200133260001500155260001600170260000900186300001600195300002700211300001000238500000900248170918s9999 xx 000 0 und d a9780545297233 bR658 1994 aRobinson, Barbara 4aThe worst best school year ever / cBarbara Robinson. aNew York : bScholastic, c1994 a155 pages : bcolored illustration ; c17cm. a1020